00736nam a2200181 a 4500003000200000005001700002008004100019050003100060100003000091245008900121260009300210300004900303504003900352650004400391650004100435650004500476650003300521020250421084353.0970101s19uu xx 00 eng d aPGS HQ 755.86b.Al317 2004 aAlajar, Lorenzo Martin M. aThe effects of having working parents on their children /cLorenzo Martin M. Alajar. aLas Piñas City, Philippines : bSouthville International School and Colleges, c2004. a26 pages :bcolored illustrations ;c28 cm. aIncludes bibliographic references. aWorking parentsvPsychological aspects. aParental employmentvSocial aspects. aChild developmentvFamily relationships. aChildren of working parents.